Administración de personal: un punto de vista y un método
Salvato in:
| Autori principali: | , |
|---|---|
| Natura: | Libro |
| Lingua: | spagnolo |
| Pubblicazione: |
Ciudad de México
Continental
1975
|
| Edizione: | 2a. ed |
| Soggetti: | |
| Tags: |
Aggiungi Tag
Nessun Tag, puoi essere il primo ad aggiungerne!!
|
MARC
| LEADER | 00000nam a2200000 a 4500 | ||
|---|---|---|---|
| 001 | UCU6976 | ||
| 003 | CL-VaPUC | ||
| 008 | 960628e19750000MX |||||||||||||||||spa|d | ||
| 082 | 0 | 4 | |a 658.3 |b PIG |2 21 |
| 100 | 0 | |a Pigors, Paul |e author |9 365409 | |
| 700 | 0 | |a Myers, Charles A |e author |9 365410 | |
| 245 | 1 | 0 | |a Administración de personal: un punto de vista y un método |
| 250 | |a 2a. ed | ||
| 300 | |a 925 p | ||
| 942 | |c BK | ||
| 945 | |d 19960628 00:00:00 |a cmena | ||
| 260 | |a Ciudad de México |b Continental |c 1975 | ||
| 650 | 0 | |a Administración del personal |9 260442 | |
| 650 | 0 | |a Administración de empresas |9 260833 | |
| 650 | 0 | |a Administración del personal |9 260442 | |
| 650 | 0 | |a Gestión |9 260993 | |
| 650 | 0 | |a Trabajo y empleo |9 315054 | |
| 650 | 0 | |a Empleo |9 339124 | |
| 650 | 0 | |a Trabajo |9 313876 | |
| 650 | 7 | |a PERSONAL |2 CL-VaPUC |9 343747 | |
| 650 | 0 | |a Seguridad en el trabajo |9 339687 | |
| 583 | |a last modification |c 19960628 00:00:00 |k Rodrigo Vera | ||
| 999 | |c 249703 |d 249701 | ||
| 952 | |0 0 |1 0 |4 0 |6 658_300000000000000_PIG_1975 |7 0 |8 A |9 267170 |a BIBING |b BIBING |d 2019-11-19 |i 1696270 |o 658.3 PIG 1975 |p 1696270 |r 2025-01-20 |w 2019-11-19 |y BK |k EII | ||